Milestones revisited / (Record no. 144665)

MARC details
000 -LEADER
fixed length control field 00464nam a22001697a 4500
010 ## - LCCN (DPL NO)
LC control number ENG-120576
020 ## - INTERNATIONAL STANDARD BOOK NUMBER
Terms of availability 180.00
International Standard Book Number 9789382116080
035 ## - SYSTEM CONTROL NUMBER
System control number EN-104108
037 ## - SOURCE OF ACQUISITION
Source of stock number/acquisition DBAD/PUB
082 ## - DEWEY DECIMAL CLASSIFICATION NUMBER
Classification number 320.954
100 ## - MAIN ENTRY--PERSONAL NAME
Personal name Krishnan, P.R.
245 ## - TITLE STATEMENT
Title Milestones revisited /
Statement of responsibility, etc by P.R. Krishnan
260 ## - PUBLICATION, DISTRIBUTION, ETC. (IMPRINT)
Place of publication, distribution, etc Thrissur
Name of publisher, distributor, etc H and C Books
Date of publication, distribution, etc 2012
270 ## - ADDRESS
City Thissur
Postal code 680001
300 ## - PHYSICAL DESCRIPTION
Extent 220p. :
Other physical details 20cm(pbk).
Dimensions ill.
942 ## - ADDED ENTRY ELEMENTS (KOHA)
Source of classification or shelving scheme Dewey Decimal Classification
Item type English Books
Classification part 320.954
Call number suffix KRI
Holdings
Withdrawn status Lost status Not for loan Collection code Home library Current library Date acquired Source of acquisition Cost, normal purchase price Full call number Barcode Copy number Cost, replacement price Koha item type
    Not For Loan Non-fiction D.B.Act.Division D.B.Act.Division 15/09/2017 DBAD/PUB 180.00 320.954 KRI EN-104108 1 180.00 English Books

© Delhi Public Library
Hit Counter
free hit counter